000
00208 a2200097 4500
001
47619
100
_a
Frank W
245
_a
Sea wolves
260
_a
London
_b
Weidenfeld & Nicolson
_c
090
_c
30631
_d
30631
942
_a
NUST-CAE
_c
M
_c
22927
999
_c
282692
_d
282692